Normal view
MARC view
- القانون الإداري
Entry Topical Term
001 - CONTROL NUMBER
- control field: 25701
003 - CONTROL NUMBER IDENTIFIER
- control field: JO-AjAnu
005 - DATE AND TIME OF LATEST TRANSACTION
- control field: 20230606074404.0
008 - FIXED-LENGTH DATA ELEMENTS
- fixed length control field: 230606|| aca||aabn | a|a d
040 ## - CATALOGING SOURCE
- Original cataloging agency: JO-AjAnu
- Transcribing agency: JO-AjAnu
150 ## - HEADING--TOPICAL TERM
- Topical term or geographic name entry element: القانون الإداري
670 ## - SOURCE DATA FOUND
- Source citation: Work cat.: (JO-AjAnu)13214: العلوي ، سالم بن راشد , author 25700, القضاء الإداري : مبدأ المشروعية ، ديوان المظالم في الدولة الإسلامية ، مجلس الدولة الفرنسي ، مجلس الدولة المصري ، محكمة القضاء الإداري بسلطنة عمان " دراسة مقارنة "